000
00292nam a2200109 a 4500
005
20140408090013.0
008
021115s19uu xx 00 eng d
050
_a
PGS '99
_b
BON #9
100
_a
Bonifacio, Adrian
245
_a
Priority training needs of grade 6 teachers of SIS.
942
_c
PASS
999
_c
96182
_d
96182